| 000 | 00617nam a22001817a 4500 | ||
|---|---|---|---|
| 003 | OSt | ||
| 005 | 20260313005625.0 | ||
| 008 | 260313b |||||||| |||| 00| 0 eng d | ||
| 040 |
_aDWCL Main lib _cOC |
||
| 082 | _aRes. 419 N278 1999 | ||
| 100 | _aNational Council For The Welfare Of Disabled Persons | ||
| 245 |
_aPhilippine dictionary of signs _cNational Council For The Welfare Of Disabled Persons |
||
| 260 |
_a[Manila] : _bThe Council, _cc1999. |
||
| 300 |
_axvii, 372 p. : _bill. ; _c27 cm. |
||
| 504 | _aIncludes bibliographical references. | ||
| 650 | _a1. Sign language. | ||
| 942 |
_2ddc _cBK-0 CIRC _kRes. _n0 |
||
| 999 |
_c9074 _d9074 |
||